World's Poorest Countries - Statistics

General Stats
  • This quiz has been taken 42 times
    25 since last reset
  • The average score is 19 of 30
Answer Stats
Hint Answer % Correct
$1945 Chad
84%
$1120 South Sudan
84%
$727 Central African Republic
79%
$1205 Malawi
79%
$889 Democratic Republic of the Congo
74%
$2218 Mali
74%
$1250 Mozambique
74%
$1019 Niger
74%
$2276 Benin
68%
$1866 Burkina Faso
68%
$735 Burundi
68%
$2247 Guinea
68%
$1558 Madagascar
68%
$1663 Togo
68%
$2606 Yemen
68%
$1976 Afghanistan
63%
$1819 Haiti
63%
$1868 Uganda
63%
$1699 Gambia
58%
$1285 Liberia
58%
$2043 Rwanda
58%
$1530 Sierra Leone
58%
$2434 Zimbabwe
58%
$2751 Comoros
53%
$1903 Ethiopia
53%
$1704 Guinea Bissau
53%
$2932 Lesotho
47%
$2702 Nepal
42%
$2427 Solomon Islands
21%
$2185 Kiribati
11%
No matching quizzes found
Score Distribution
Percent of People with Each Score
Percentile by Number Answered
Your Score History
You have not taken this quiz since the last reset